| 000 | 00517nam a2200169Ia 4500 | ||
|---|---|---|---|
| 008 | 151021s9999 xx 000 0 und d | ||
| 020 | _a132859823 | ||
| 050 | _aHD 58.7.N34 1998 | ||
| 245 | _a_Organizational behavior The person- organization fit Afsaneh Nahavandi | ||
| 260 | _aNew Jersey Prentice hall 1998 | ||
| 300 | _axxix,609pill. | ||
| 500 | _aInclude index | ||
| 500 | _aInclude index | ||
| 650 | _a_Oganizational behavior | ||
| 700 | _a_Malekzadeh R. Ali | ||
| 980 | _a^d20120815 10:06:28^okorir | ||
| 999 |
_c12412 _d12412 |
||